000 00642nam a2200169 i 4500
001 32762
003 ES-MaACL
005 20230906154630.0
007 t|
008 030131s1950 sp ||||1| spa d
100 1 _aBertrán, Antonio.
_928492
245 1 0 _aLucha contra las hierbas de los campos con el herbicida selectivo
_b: 2.4-D folleto divulgador /
_cAntonio Bertrán.
260 _aLérida :
_bMinisterio de Agricultura, Cámara Oficial Sindical Agraria,
_c1950 (
_fImp. La Editora Leridana)
300 _a16 p. :
_bil. ;
_c22 cm.
710 2 _aCámara Oficial Sindical Agraria (Lérida)
_9164521
852 _aES-MaACL
_j1931-F-7
_bR.31584
999 _c32762
_d32762